Szorongásos zavarok és az utazás kapcsolata

Bibliográfiai részletek
Szerző: Závoda Zalán
További közreműködők: Nagy Adrienne
Dokumentumtípus: Diplomadolgozat
Kulcsszavak:21. század
egészségturisztika
fenntarthatóság
mentális folyamatok
urbanizáció
Online Access:http://dolgozattar.uni-bge.hu/60122

MARC

LEADER 00000nta a2200000 i 4500
001 dolg60122
005 20260409150022.0
008 260409suuuu hu om 000 hun d
040 |a BGE Dolgozattár Repozitórium  |b hun 
041 |a hu 
100 1 |a Závoda Zalán 
245 1 0 |a Szorongásos zavarok és az utazás kapcsolata  |c Závoda Zalán  |h [elektronikus dokumentum] 
520 3 |a Dolgozatom címe a „Szorongásos zavarok és az utazás kapcsolata” nevet kapta. Első hallásra érdekesen hangozhat, hiszen nem feltétlenül gondolnánk azt, hogy létezik összefüggés a két témakör között. Pedig sokkal szorosabb kapcsolatban állnak, mint azt hinnénk. Mivel ez egy rendkívül tág témakört foglal magába, ezért szeretném kicsit pontosabban is ismertetni, hogy miről lesz benne szó. Először is, a mentális, szorongásos zavarok témakörét szeretném majd megvizsgálni. Ez elsősorban azért fontos, hogy képet kaphassunk ezen zavarok horderőjéről, hiszen a mindennapjaink részét képezik. A témakör széles, és szinte végtelen információ hozzáférhetősége miatt szeretném majd leszűkíteni a dolgozatom a szorongásos zavarok, valamint az utazás kapcsolatára, hiszen így egy szűkebb, de koncentráltabb szegmenst vizsgálhatok. Viszont, milyen szálon kapcsolódik ez a témakör magához a turizmushoz? Hiszem azt, hogy a pszichés állapotunkhoz nagyon közel állnak az utazási szokásaink, illetve, hogy az emberek mentális egészségének állapota, szorosan összekapcsolódik a turizmus piacának működésével. 
695 |a 21. század 
695 |a egészségturisztika 
695 |a fenntarthatóság 
695 |a mentális folyamatok 
695 |a urbanizáció 
700 1 |a Nagy Adrienne  |e ths 
856 4 0 |u http://dolgozattar.uni-bge.hu/60122/1/Szakdolgozat%202%20%282%29.pdf  |z Dokumentum-elérés 
856 4 0 |u http://dolgozattar.uni-bge.hu/60122/2/Z%C3%A1voda%20Zal%C3%A1n_opponens_Blask%C3%B3%20Anik%C3%B3.pdf  |z Dokumentum-elérés 
856 4 0 |u http://dolgozattar.uni-bge.hu/60122/3/B%C3%ADr%C3%A1lati%20lap_Bsc_Z%C3%A1voda%20Zal%C3%A1n_25j%C3%BAn.pdf  |z Dokumentum-elérés